000 004520000a22001810004500
041 0 _aSPA
082 0 4 _aG 296 N9646r
100 1 _aNudelstejer, Sergio
245 1 0 _aLa rebelión del silencio / Sergio Nudelstejer
250 _a2
260 _aMéxico, D.F., México : Novaro
300 _a220 Pag
001 9004
942 _cBK
999 _c39093
_d39093
336 _atexto
_btxt
_2rdacontent
337 _2rdamedia
_asin mediación
_bn
338 _2rdacarrier
_avolumen
_bnc